000 01765nam a2200385 c 4500
003 BLK
005 20211012155956.0
008 180407b bul|||||r ||||||| ||bul||
010 _aKNG00032404000
020 _a978-954-92592-2-0
_bиздат.: Интермайндс
040 _aBLK
041 _aBUL
_cBUL
072 7 _2bullib
_aН70
_xИзкуства Н
080 _aФотографска техника и процеси. Вж и 771
_b77.02
_x(035)
_z77.02(035)
080 _aХудожествена фотография
_b77.04
_x(035)
_z77.04(035)
700 1 _aЛаундс, Биляна Димитрова
_eред.
_9270464
700 1 _aКараиванова, Нели
_eпрев.
_9270465
139 _aТайните на фотографията
_bТ 19
245 1 0 _aТайните на фотографията
_bКак се правят уникални сн. : Пейзажи, спорт, пътувания, сватби, портрети, архитектура
_cред. Биляна Димитрова Лаундс; прев. Нели Караиванова.
257 _aUSA
260 София
_bИнтермайндс
_c2010
_fСофия : Дедракс
300 _a225 с.
_bс ил.
_c29 см
_eCD
380 _a7
500 _aОриг. загл. Secrets of photography - Прил. със същото загл. и сигн. CD 2812.
650 4 _aФотография - наръчници и ръководства
_9258492
653 _aфотография
653 _aнаръчници
653 _aръководства
659 _aН
852 _aЦб ІІ 16684
856 4 _qpdf
_u
856 4 _qpdf
_u
942 _cKNG
_n0
_02
944 _aCR
_c15.04.2011
_lф /
_kНаталия_Медовщикова
944 _aED
_c29.04.2014
_lф /
_k
999 _c29779
_d29779